Регионална библиотека "Любен Каравелов" - Русе

Wolfgang Amadeus Mozart (Запис номер 118575)

MARC детайли
000 -Лидер
Контролно поле с фиксирана дължина 01728nam a2200445 c 4500
003 - Код на организацията, давaща контролен номер
Контролно поле BLK
005 - Дата и час на последна редакция
Контролно поле 20241005005450.0
008 - Елементи от данни с фиксирана дължина
fixed length control field 180409b bul|||||r ||||||| ||bul||
010 ## - Наследен системен номер
LC control number KNG00124179000
040 ## - Източник на каталожния запис
Идентификатор на билиотеката - собственик на записа BLK
041 ## - Код за език
Код за езика на текст/звукозапис или на отделно заглавие Немски
Код за езика КДБФ Немски
080 ## - УДК
Текстов определител УДК Музиканти-творци, композитори
УДК код - определител по УДК 78.071.1
УДК определител (436)(092)
УДК - код + определител 78.071.1(436)(092)
080 ## - УДК
Текстов определител УДК Австрийски композитор
УДК код - определител по УДК 929 Моцарт, Волфганг Амадеус
УДК - код + определител 929 Моцарт, Волфганг Амадеус
100 1# - Редна дума - Автор
Автор Seeger, Horst
Авторска отговорност първи автор
R(LIN) 315741
139 ## - Редно поле
Редна дума Seeger, Horst
Авторски знак Мот - М 93
Feature heading М 93 В
245 10 - Сведения за заглавието
Заглавие Wolfgang Amadeus Mozart
Редно поле (дума) Horst Seeger.
257 ## - Страна на издаване
Страна на създаване/издаване Германия
260 ## - Област на издателските данни
Име на издателя, разпространителя и проч. Dt. Verl. fur Musik
Година на издаване 1963
300 ## - Физическа характеристика
Страници 192 p.
Илюстрации и др. ill.
Размери/Мащаб 22 cm
380 ## - Жанр
Жанр Изкуство
500 ## - Общи забележки
Забележка Указател на творбите ня Моцарт по Кьохел. - Именен показалец.
600 #0 - Име на лице, използвано като предмет
За него / За нея Моцарт, Волфганг Амадеус
Свързани дати 1756 - 1791
9 (RLIN) 368558
600 #0 - Име на лице, използвано като предмет
За него / За нея Mozart, Wolfgang Amadeus
Свързани дати 1756 - 1791
9 (RLIN) 386874
650 #4 - Допълнително описание по предмет – тема
Основно описание – тема или топоним Композитори - биографии
9 (RLIN) 246095
651 #4 - Допълнително описание по предмет - топоним
Географско понятие Австрия
9 (RLIN) 245450
653 ## - Ключова дума – ненормативна
Ключова дума Волфганг Амадеус Моцарт
653 ## - Ключова дума – ненормативна
Ключова дума биографии
653 ## - Ключова дума – ненормативна
Ключова дума Австрия
653 ## - Ключова дума – ненормативна
Ключова дума композитори
700 ## - Други автори (авторска отговорност)
Лично име Моцарт, Волфганг Амадеус
Дати, свързани с автора 1756 - 1791
9 (RLIN) 368558
700 ## - Други автори (авторска отговорност)
Лично име Mozart, Wolfgang Amadeus
Дати, свързани с автора 1756 - 1791
9 (RLIN) 386874
852 ## - Местоположение
Форматна сигнатура Цб 59227
856 4# - Електронен адрес и достъп
Електронен формат pdf - файл
856 4# - Електронен адрес и достъп
Електронен формат pdf - файл
999 ## - СИСТЕМНИ КОНТРОЛНИ НОМЕРА
Koha biblionumber 118575
Koha biblioitemnumber 118575
942 ## - АРТИКУЛИ
Вид на библиотечния материал Книги
Скрит в OPAC Не
Периодичен библиозапис Да
944 ## - СЪЗДАВАНЕ И РЕДАКЦИЯ на ЗАПИСА
Създаване/Редакция Създаване
Дата на регистрацията/редакция 06.07.2011
Статус, дата на статуса CRON CRON
Служител, извършил регистрацията/редакцията
944 ## - СЪЗДАВАНЕ И РЕДАКЦИЯ на ЗАПИСА
Създаване/Редакция Редакция
Дата на регистрацията/редакция 06.07.2011
Статус, дата на статуса 06.07.2011 - от С1,Р / 06.07.2011
999 ## - СИСТЕМНИ КОНТРОЛНИ НОМЕРА
Koha biblioitemnumber 118575
999 ## - СИСТЕМНИ КОНТРОЛНИ НОМЕРА
Koha biblioitemnumber 118575
Наличности
Код за отписване Код за изгубен артикул Източник на класификационната схема Код за повреда Коз за рестрикции Код за отдаване Артикулен № Име на библиотеката - собственик Име на библиотеката, в която се намира в момента Статус (Текущо местоположение) Дата на вписване в системата Местоположение - отдел Цена в лева Инвентарен номер Систематично азбучна сигнатура Баркод Номер на екземпляра Цена в евро Служебна бележка Служебен тип на артикула
  Не е изгубен Universal Decimal Classification Не е повреден без рестрикции заемане за дома 191150 Регионална библиотека "Любен Каравелов" Русе Регионална библиотека "Любен Каравелов" Русе Отдел Изкуство - подръчен фонд 1963-01-01 Отдел Изкуство - подръчен фонд 1.60 12464/68 78.071.1(092)/М 93 В 900000003019 1 0.82 Дост: Pk Вид: Ф N: стар фонд Дата: 01.01.1963 Дата инв: 03.04.2017 Бележки инв: ИП2017 Книги
Vip Innovations Ltd, Rousse, Bulgaria 2025